00622 a2200181 4500999001500000010001400015020002200029035001300051037001500064082001100079100001700090245006000107260004200167270006900209300002200278942003000300952011000330 c5171d5171 aENG-86760 c40.00a8123410549 aEN-70293 bDBAD / PUB14a808.88 aMcKay, David1 aThe easy english book of good sayings /cby David McKay aChennaibNew Century Book Housec2006 a41 B, SIDCO Industrial Estate, Ambattur,bChennaie600 098cT.N. a112 pc22cm (pbk) adplcEN2ddch808.88mMCK 001040718NFICaDBADbDBADeDBAD/PUBg40.00l0o808.88 MCKpEN-70293r2008-09-15 00:00:00t1v40.00yEN